Menschenwürde und Emanzipation: Entfremdung und Konzepte ihrer Aufhebung ; kritischer Traktat
| Authors: | ; |
|---|---|
| Format: | Print Book |
| Language: | German |
| Subito Delivery Service: | Order now. |
| Check availability: | HBZ Gateway |
| WorldCat: | WorldCat |
| Interlibrary Loan: | Interlibrary Loan for the Fachinformationsdienste (Specialized Information Services in Germany) |
| Published: |
Neuhausen-Stuttgart
Hänssler
1981
|
| In: |
Wort und Wissen (9)
Year: 1981 |
| Series/Journal: | Wort und Wissen
9 |
| Standardized Subjects / Keyword chains: | B
Emancipatory education
|
| Further subjects: | B
Collection of essays
B Critical pedagogy B Education Philosophy |
MARC
| LEADER | 00000cam a2200000 c 4500 | ||
|---|---|---|---|
| 001 | 024656054 | ||
| 003 | DE-627 | ||
| 005 | 20251219211043.0 | ||
| 007 | tu | ||
| 008 | 710101s1981 gw ||||| 00| ||ger c | ||
| 015 | |a 81,N08,0119 |2 dnb | ||
| 015 | |a 82,A11,0290 |2 dnb | ||
| 016 | 7 | |a 810153815 |2 DE-101 | |
| 020 | |a 3775105611 |9 3-7751-0561-1 | ||
| 035 | |a (DE-627)024656054 | ||
| 035 | |a (DE-576)008298165 | ||
| 035 | |a (DE-599)GBV024656054 | ||
| 035 | |a (OCoLC)23690075 | ||
| 035 | |a (OCoLC)263611507 | ||
| 035 | |a (OCoLC)630953504 | ||
| 035 | |a (AT-OBV)AC01662794 | ||
| 035 | |a (DE-604)8012669598 | ||
| 040 | |a DE-627 |b ger |c DE-627 |e rakwb | ||
| 041 | |a ger | ||
| 044 | |c XA-DE | ||
| 082 | 0 | |a 370.1 | |
| 084 | |a 12 |a 11 |a 22 |a 14 |2 sdnb | ||
| 084 | |a BU 8300 |2 rvk |0 (DE-625)rvk/16934: | ||
| 084 | |a DF 4000 |2 rvk |0 (DE-625)rvk/19546:761 | ||
| 084 | |a BG 3540 |2 rvk |0 (DE-625)rvk/11265: | ||
| 084 | |a BU 8400 |2 rvk |0 (DE-625)rvk/16935: | ||
| 084 | |a BL 6300 |2 rvk |0 (DE-625)rvk/12251: | ||
| 084 | |a 71.40 |2 bkl | ||
| 084 | |a 80.40 |2 bkl | ||
| 100 | 1 | |0 (DE-588)11940284X |0 (DE-627)080216315 |0 (DE-576)160795710 |4 aut |a Düsing, Edith |d 1951- | |
| 109 | |a Düsing, Edith 1951- |a Kallert, Edith 1951- | ||
| 245 | 1 | 0 | |a Menschenwürde und Emanzipation |b Entfremdung und Konzepte ihrer Aufhebung ; kritischer Traktat |c Edith Düsing; Horst W. Beck |
| 264 | 1 | |a Neuhausen-Stuttgart |b Hänssler |c 1981 | |
| 300 | |a 128 S |c 18 cm | ||
| 336 | |a Text |b txt |2 rdacontent | ||
| 337 | |a ohne Hilfsmittel zu benutzen |b n |2 rdamedia | ||
| 338 | |a Band |b nc |2 rdacarrier | ||
| 490 | 1 | |a Wort und Wissen |v 9 | |
| 500 | |a Literaturangaben | ||
| 583 | 1 | |a Archivierung/Langzeitarchivierung gewährleistet |f SSG |x XA-DE-BW |2 pdager |5 DE-21 | |
| 601 | |a Menschenwürde | ||
| 601 | |a Emanzipation | ||
| 601 | |a Konzeption | ||
| 601 | |a Traktat | ||
| 653 | 0 | |a Education |a Philosophy | |
| 653 | 0 | |a Critical pedagogy | |
| 655 | 7 | |a Aufsatzsammlung |0 (DE-588)4143413-4 |0 (DE-627)105605727 |0 (DE-576)209726091 |2 gnd-content | |
| 689 | 0 | 0 | |d s |0 (DE-588)4070790-8 |0 (DE-627)106099248 |0 (DE-576)209182024 |2 gnd |a Emanzipatorische Erziehung |
| 689 | 0 | |5 (DE-627) | |
| 700 | 1 | |0 (DE-588)121398323 |0 (DE-627)081282001 |0 (DE-576)16021467X |4 aut |a Beck, Horst W. |d 1933-2014 | |
| 830 | 0 | |a Wort und Wissen |v 9 |9 900 |w (DE-627)130273066 |w (DE-576)007940025 |w (DE-600)564403-3 |7 am | |
| 935 | |a mteo | ||
| 935 | |i Blocktest | ||
| 936 | r | v | |a BU 8300 |b Pädagogische Anthropologie des Heranwachsenden |k Theologie und Religionswissenschaften |k Religionspädagogik und Katechetik |k Menschen als Adressaten und Partner von Erziehung, Unterweisung und Katechese |k Pädagogische Anthropologie des Heranwachsenden |0 (DE-627)1270760750 |0 (DE-625)rvk/16934: |0 (DE-576)200760750 |
| 936 | r | v | |a DF 4000 |b Allgemeines und Deutschland |k Pädagogik |k Systematische Pädagogik |k Erziehungsziel, Bildungsideal |k Allgemeines und Deutschland |0 (DE-627)1270744097 |0 (DE-625)rvk/19546:761 |0 (DE-576)200744097 |
| 936 | r | v | |a BG 3540 |b Allgemeines |k Theologie und Religionswissenschaften |k Fundamentaltheologie |k Theologie und Naturwissenschaft |k Allgemeines |0 (DE-627)127067238X |0 (DE-625)rvk/11265: |0 (DE-576)20067238X |
| 936 | r | v | |a BU 8400 |b Pädagogische Anthropologie des erwachsenen und alten Menschen |k Theologie und Religionswissenschaften |k Religionspädagogik und Katechetik |k Menschen als Adressaten und Partner von Erziehung, Unterweisung und Katechese |k Pädagogische Anthropologie des erwachsenen und alten Menschen |0 (DE-627)1270760769 |0 (DE-625)rvk/16935: |0 (DE-576)200760769 |
| 936 | r | v | |a BL 6300 |b Freiheit und Menschenwürde, Sklaverei |k Theologie und Religionswissenschaften |k Christliche Gesellschaftslehre |k Grundrechte, Menschenrechte |k Freiheit und Menschenwürde, Sklaverei |0 (DE-627)1270728091 |0 (DE-625)rvk/12251: |0 (DE-576)200728091 |
| 936 | b | k | |a 71.40 |j Soziale Prozesse: Allgemeines |0 (DE-627)106412639 |
| 936 | b | k | |a 80.40 |j Erziehungsinhalte: Allgemeines |0 (DE-627)106414372 |
| 951 | |a BO | ||
| ACO | |a 1 | ||
| ELC | |b 1 | ||
| ITA | |a 1 |t 1 | ||
| LOK | |0 000 xxxxxcx a22 zn 4500 | ||
| LOK | |0 001 3164990936 | ||
| LOK | |0 003 DE-627 | ||
| LOK | |0 004 024656054 | ||
| LOK | |0 005 20020518000000 | ||
| LOK | |0 008 960503||||||||||||||||ger||||||| | ||
| LOK | |0 040 |a DE-21 |c DE-627 |d DE-21 | ||
| LOK | |0 852 |a DE-21 | ||
| LOK | |0 852 1 |c 3 E 8531 |9 00 | ||
| LOK | |0 935 |a konv | ||
| LOK | |0 939 |a 03-05-96 |b l01 | ||
| ORI | |a SA-MARC-ixtheoa001.raw | ||
| REL | |a 1 | ||
| STA | 0 | 0 | |a Emancipatory education,Emancipation |
| STB | 0 | 0 | |a Éducation émancipatrice |
| STC | 0 | 0 | |a Educación emancipadora |
| STD | 0 | 0 | |a Educazione emancipatoria |
| STE | 0 | 0 | |a 解放教育 |
| STF | 0 | 0 | |a 解放教育 |
| STG | 0 | 0 | |a Educação emancipatória |
| STH | 0 | 0 | |a Эмансипированное воспитание |
| STI | 0 | 0 | |a Χειραφετική εκπαίδευση |
| SUB | |a REL | ||
| SYG | 0 | 0 | |a Emanzipatorische Pädagogik |



